[Event "Championnat de France Universitaire 201"]
[Site "Chalons-en-Champagne"]
[Date "2015.03.29"]
[Round "7.2"]
[White "Dubessay, Bastien"]
[Black "Loiseau, Quentin"]
[Result "1/2-1/2"]
[WhiteElo "2360"]
[BlackElo "2630"]
[PlyCount "35"]
[EventDate "2015.03.28"]
[EventType "swiss (rapid)"]
[EventRounds "9"]
[EventCountry "FRA"]

1. d4 d5 2. c4 c6 3. Nf3 Nf6 4. Nc3 e6 5. Bg5 h6 6. Bxf6 Qxf6 7. e3 Nd7 8. Bd3
Qd8 9. O-O Be7 10. e4 dxe4 11. Nxe4 Nf6 12. Qc2 Nxe4 13. Bxe4 c5 14. Rad1 Qc7
15. Rfe1 O-O 16. h3 cxd4 17. Nxd4 Bd7 18. Qb3 1/2-1/2

[Event "Championnat de France Universitaire 201"]
[Site "Chalons-en-Champagne"]
[Date "2015.03.29"]
[Round "7.3"]
[White "Fougerit, Valentin"]
[Black "Luciani, Thibault"]
[Result "0-1"]
[WhiteElo "2360"]
[BlackElo "2070"]
[PlyCount "80"]
[EventDate "2015.03.28"]
[EventType "swiss (rapid)"]
[EventRounds "9"]
[EventCountry "FRA"]

1. e4 c5 2. Nf3 Nc6 3. Bb5 g6 4. Bxc6 dxc6 5. d3 Bg7 6. h3 e5 7. Be3 b6 8. a3
a5 9. Nc3 Ne7 10. O-O O-O 11. Na4 Rb8 12. Qe2 Qc7 13. Nd2 Ba6 14. f4 f5 15.
fxe5 Bxe5 16. Bh6 Rfe8 17. c4 fxe4 18. dxe4 Nf5 19. Rxf5 gxf5 20. Rf1 f4 21.
Nf3 Bg7 22. Bg5 h6 23. Bh4 Qf7 24. b3 Qe6 25. Nd2 Bd4+ 26. Kh1 Be3 27. Nc3 Qe5
28. Ndb1 Bc8 29. Rd1 Bd4 30. Rd3 Bf5 31. exf5 Qxe2 32. Nxe2 Rxe2 33. Nd2 Re3
34. Rxe3 fxe3 35. Ne4 Be5 36. g4 Kf7 37. Kg2 Re8 38. Kf3 a4 39. Kxe3 Ra8 40.
bxa4 Rxa4 0-1

[Event "Championnat de France Universitaire 201"]
[Site "Chalons-en-Champagne"]
[Date "2015.03.29"]
[Round "7.4"]
[White "Rouffignac, Tanguy"]
[Black "Viers, Emmanuel"]
[Result "1-0"]
[WhiteElo "2230"]
[BlackElo "2200"]
[PlyCount "97"]
[EventDate "2015.03.28"]
[EventType "swiss (rapid)"]
[EventRounds "9"]
[EventCountry "FRA"]

1. e4 c5 2. Nf3 Nc6 3. Nc3 g6 4. d4 cxd4 5. Nxd4 Bg7 6. Be3 Nf6 7. Bc4 Qa5 8.
O-O O-O 9. Bb3 d6 10. h3 Bd7 11. Re1 Rac8 12. Qd3 Rfd8 13. Nd5 Nxd5 14. exd5
Ne5 15. Qe2 b5 16. a4 bxa4 17. f4 Qc7 18. Bxa4 Bxa4 19. Rxa4 Qd7 20. b3 Re8 21.
fxe5 dxe5 22. Nf3 Qxd5 23. Rd1 Qc6 24. Rc4 Qb7 25. Rxc8 Rxc8 26. Ra1 e4 27. Nd4
f5 28. Ra4 f4 29. Bxf4 e5 30. Ne6 exf4 31. Nxg7 Kxg7 32. Rxe4 Rc7 33. Rxf4 Re7
34. Qf2 Qb6 35. Qxb6 axb6 36. Kf2 Re5 37. Kf3 g5 38. Re4 Rc5 39. Rc4 Re5 40.
Rc6 b5 41. b4 Rf5+ 42. Kg3 Kf7 43. Rc5 Rxc5 44. bxc5 Ke6 45. Kg4 Kd5 46. Kxg5
Kxc5 47. Kh6 Kc4 48. Kxh7 Kc3 49. g4 1-0

[Event "Championnat de France Universitaire 201"]
[Site "Chalons-en-Champagne"]
[Date "2015.03.29"]
[Round "8.2"]
[White "Loiseau, Quentin"]
[Black "Luciani, Thibault"]
[Result "0-1"]
[WhiteElo "2630"]
[BlackElo "2070"]
[PlyCount "155"]
[EventDate "2015.03.28"]
[EventType "swiss (rapid)"]
[EventRounds "9"]
[EventCountry "FRA"]

1. Nf3 f5 2. d3 Nf6 3. e4 d6 4. e5 dxe5 5. Nxe5 Nbd7 6. Bf4 Nxe5 7. Bxe5 e6 8.
Be2 Bd6 9. d4 O-O 10. O-O c5 11. Nc3 a6 12. Bf3 Qc7 13. Bxd6 Qxd6 14. dxc5 Qxc5
15. Qe2 Rb8 16. Rfe1 b5 17. Qe5 Qxe5 18. Rxe5 Rd8 19. Kf1 Kf7 20. Rc5 Bb7 21.
Rc7+ Rd7 22. Rxd7+ Nxd7 23. Rd1 Ke7 24. Bxb7 Rxb7 25. Ke2 Nf6 26. a3 Rd7 27.
Rc1 e5 28. Na2 Nd5 29. g3 Rc7 30. c3 Ke6 31. Rd1 g5 32. h3 h5 33. Nb4 Nxb4 34.
axb4 Rd7 35. Ra1 Rd6 36. b3 Rc6 37. Kd3 f4 38. g4 h4 39. Ra5 Rd6+ 40. Ke4 Rc6
41. Ra2 Kd6 42. Rd2+ Ke6 43. Rc2 Rd6 44. Ra2 Rc6 45. Ra1 Rd6 46. Rc1 Rd2 47.
Ra1 Rd6 48. Ra5 Rc6 49. f3 Rd6 50. Ra1 Rc6 51. Kd3 Rd6+ 52. Kc2 e4 53. fxe4 Ke5
54. Re1 f3 55. Rd1 f2 56. Rf1 Rf6 57. Kd2 Rf3 58. Ke2 Rxh3 59. Rxf2 Rxc3 60.
Rf5+ Kxe4 61. Rxg5 Kf4 62. Rg6 Rxb3 63. Rxa6 Rxb4 64. Rg6 Rb2+ 65. Kd3 h3 66.
Kc3 Rb1 67. Rh6 Kxg4 68. Kc2 Rb4 69. Kc3 Rc4+ 70. Kd3 Kg3 71. Rg6+ Rg4 72. Rh6
Rh4 73. Rg6+ Kf2 74. Rf6+ Ke1 75. Re6+ Kd1 76. Rg6 h2 77. Ra6 Rh3+ 78. Kd4 0-1

[Event "Championnat de France Universitaire 201"]
[Site "Chalons-en-Champagne"]
[Date "2015.03.29"]
[Round "8.3"]
[White "Blum, Nicolas"]
[Black "Dubessay, Bastien"]
[Result "0-1"]
[WhiteElo "1590"]
[BlackElo "2360"]
[PlyCount "73"]
[EventDate "2015.03.28"]
[EventType "swiss (rapid)"]
[EventRounds "9"]
[EventCountry "FRA"]

1. e4 c5 2. Nf3 d6 3. Bb5+ Nd7 4. c3 Ngf6 5. Qe2 a6 6. Ba4 b5 7. Bc2 e6 8. d4
Be7 9. a4 Rb8 10. O-O O-O 11. e5 dxe5 12. dxe5 Nd5 13. axb5 axb5 14. Na3 b4 15.
Nc4 N7b6 16. Nxb6 Qxb6 17. c4 Nc7 18. Ng5 Bxg5 19. Bxg5 Bb7 20. Qh5 g6 21. Qh6
Rfc8 22. Rae1 Qc6 23. Be4 Qe8 24. Bxb7 Rxb7 25. Re3 Qf8 26. Qh4 Ne8 27. Rh3 h5
28. g4 Ng7 29. Bf6 Rd7 30. Rg3 Rd4 31. Qg5 hxg4 32. h3 Nh5 33. hxg4 Nxg3 34.
fxg3 Kh7 35. Kg2 Qh6 36. Rh1 Qxh1+ 37. Kxh1 0-1

[Event "Championnat de France Universitaire 201"]
[Site "Chalons-en-Champagne"]
[Date "2015.03.29"]
[Round "8.4"]
[White "Fougerit, Valentin"]
[Black "Selebran, Henri"]
[Result "1/2-1/2"]
[WhiteElo "2360"]
[BlackElo "2150"]
[PlyCount "73"]
[EventDate "2015.03.28"]
[EventType "swiss (rapid)"]
[EventRounds "9"]
[EventCountry "FRA"]

1. e4 e5 2. Nf3 d6 3. Bc4 Be7 4. O-O Nf6 5. d3 O-O 6. Re1 c6 7. Bb3 Bg4 8. h3
Be6 9. c4 Nbd7 10. Nc3 Qc7 11. d4 exd4 12. Nxd4 Nc5 13. Nxe6 fxe6 14. Bc2 Nfd7
15. b4 Na6 16. a3 Bf6 17. Bd2 Nb6 18. Qe2 Rae8 19. Rac1 Qd7 20. Nd1 Nc7 21. Qd3
g6 22. Bb3 Qe7 23. Rc2 Nd7 24. Be3 c5 25. Rd2 Be5 26. Bh6 Rf7 27. Ne3 Bd4 28.
Nc2 Qh4 29. Be3 e5 30. Ree2 Ne6 31. Ne1 Nf4 32. Bxf4 Qxf4 33. Ba4 Ref8 34. Bxd7
Rxd7 35. Nc2 Rdf7 36. Ne3 Qh4 37. Qc2 1/2-1/2

[Event "Championnat de France Universitaire 201"]
[Site "Chalons-en-Champagne"]
[Date "2015.03.29"]
[Round "9.2"]
[White "Luciani, Thibault"]
[Black "Viers, Mathieu"]
[Result "1-0"]
[WhiteElo "2070"]
[BlackElo "2070"]
[PlyCount "71"]
[EventDate "2015.03.28"]
[EventType "swiss (rapid)"]
[EventRounds "9"]
[EventCountry "FRA"]

1. d4 d6 2. Nf3 Nf6 3. c4 g6 4. Nc3 Bg7 5. Bf4 Na6 6. e3 c5 7. d5 Qb6 8. Qd2
Bf5 9. Rc1 Ne4 10. Nxe4 Bxe4 11. b3 Qb4 12. Be2 Qxd2+ 13. Kxd2 Bb2 14. Rcg1 Nb4
15. Ng5 Bf5 16. e4 Bd7 17. Rb1 Ba3 18. Nf3 Nxa2 19. Ra1 Bb4+ 20. Kc2 Nc3 21.
Bd3 f5 22. e5 Ne4 23. e6 Bc8 24. Bxe4 fxe4 25. Ng5 O-O 26. Be3 b5 27. Nxe4 a5
28. h4 Ba6 29. cxb5 Bxb5 30. h5 c4 31. hxg6 cxb3+ 32. Kxb3 hxg6 33. Bd4 Bc4+
34. Kxc4 Rfc8+ 35. Kb3 a4+ 36. Rxa4 1-0

[Event "Championnat de France Universitaire 201"]
[Site "Chalons-en-Champagne"]
[Date "2015.03.29"]
[Round "9.3"]
[White "Dubessay, Bastien"]
[Black "Rouffignac, Tanguy"]
[Result "0-1"]
[WhiteElo "2360"]
[BlackElo "2230"]
[PlyCount "84"]
[EventDate "2015.03.28"]
[EventType "swiss (rapid)"]
[EventRounds "9"]
[EventCountry "FRA"]

1. d4 Nf6 2. c4 g6 3. Nc3 Bg7 4. e4 d6 5. f3 O-O 6. Bg5 c6 7. Qd2 a6 8. Bd3 b5
9. Nge2 Nbd7 10. O-O Bb7 11. Kh1 bxc4 12. Bxc4 d5 13. Bd3 c5 14. e5 cxd4 15.
exf6 exf6 16. Bh4 dxc3 17. Nxc3 Ne5 18. Be2 d4 19. Ne4 Bxe4 20. fxe4 d3 21. Bd1
Rc8 22. Bb3 Nc4 23. Bxc4 Rxc4 24. Rf3 Rxe4 25. Rxd3 Qe7 26. Bg3 Re2 27. Qa5 Qb7
28. Qd5 Qxb2 29. Rad1 Qxa2 30. Qb7 f5 31. Bd6 Rfe8 32. h3 Re1+ 33. Rxe1 Rxe1+
34. Kh2 Re8 35. Bf4 Qc4 36. Rf3 h6 37. Qd7 Re4 38. Bg3 Kh7 39. Qd8 Be5 40. Bxe5
Rxe5 41. Qf6 Qe6 42. Qd8 Re1 0-1

[Event "Championnat de France Universitaire 201"]
[Site "Chalons-en-Champagne"]
[Date "2015.03.29"]
[Round "9.4"]
[White "Utrera, Ludovic"]
[Black "Loiseau, Quentin"]
[Result "1-0"]
[WhiteElo "2130"]
[BlackElo "2630"]
[PlyCount "79"]
[EventDate "2015.03.28"]
[EventType "swiss (rapid)"]
[EventRounds "9"]
[EventCountry "FRA"]

1. e4 c5 2. Nf3 e6 3. d4 cxd4 4. Nxd4 a6 5. Nc3 b5 6. Bd3 Qb6 7. Nf3 Qc7 8. O-O
Bb7 9. Re1 Be7 10. e5 f5 11. Bg5 Bc5 12. Qe2 Ne7 13. a4 b4 14. Nd1 Nd5 15. Ne3
h6 16. Nxd5 Bxd5 17. Be3 g5 18. Bxc5 Qxc5 19. c4 Bc6 20. Nd2 Qb6 21. Qh5+ Kd8
22. Qf7 Kc8 23. Nb3 a5 24. c5 Qd8 25. Nd4 Qf8 26. Qh5 Qxc5 27. Nxc6 Nxc6 28.
Rac1 Qe7 29. Bb5 Kb7 30. Qf3 Rhc8 31. Red1 Rc7 32. Rd6 Rac8 33. Qe2 Nd4 34.
Rxc7+ Rxc7 35. Rxd4 Qc5 36. Rc4 Qb6 37. Qd3 Rxc4 38. Qxc4 Qd8 39. Qd4 Qc7 40.
Qxd7 1-0